LEADER 01981nam a2200337 i 4500 001 000000213922 003 CaOOAMICUS 005 20250723150705.0 008 120613s2009 it a 000 u mul r 020 $a978-88-7870-432-9 040 $aSeMil$bita 245 00$aCulture e religioni in Asia :$batti della 1. Sessione di studio, 27 novembre 2008, con saggi e ricerche delle Sezioni di studi su Cina, Giappone e India /$ca cura di Chiara Piccinini. 264 1$aMilano :$bVeneranda Biblioteca Ambrosiana ;$aRoma :$bBulzoni,$c2009. 300 $a257 p., VIII p. di tav. ;$c24 cm. 490 1 $aAsiatica Ambrosiana. Saggi e ricerche di cultura, religioni e società dell'Asia ;$v1 490 1 $aAccademia Ambrosiana. Classe di studi sull'Estremo Oriente. Sezione cinese, Sezione Giapponese, Sezione Indiana 546 $aTesti in italiano e cinese 650 4$aAsia - Civiltà.$0(OLS)http://semarc/subject/38175 650 4$aAsia - Religioni.$0(OLS)http://semarc/subject/35425 700 1 $aPiccinini, Chiara.$0(OLS)http://semarc/name/76175 710 2 $aBiblioteca Ambrosiana : Accademia Ambrosiana.$0(OLS)http://semarc/name/87942 830 0$aAsiatica Ambrosiana ;$v1.$0(OLS)http://semarc/title/32270 830 0$aAccademia Ambrosiana. Classe di studi sull'Estremo Oriente.$0(OLS)http://semarc/title/454972 850 $aSeMil 852 $aSeMil$W1$xVenegono$y1$m3TA W 1$j260191$B164350$CSeMilBibl$Z2$F175410 $81 961 $aOmaggio: Biblioteca Ambrosiana 996 $6020$a978-88-7870-432-9$9(OLS)http://semarc/number/210032 996 $6245$aCulture e religioni in Asia :$batti della 1. Sessione di studio, 27 novembre 2008, con saggi e ricerche delle Sezioni di studi su Cina, Giappone e India$9(OLS)http://semarc/title/308339 996 $6264$aMilano :$bVeneranda Biblioteca Ambrosiana$9(OLS)http://semarc/publisher/32557 996 $6264$aRoma :$bBulzoni$9(OLS)http://semarc/publisher/30302 LEADER 01877nam a2200313 i 4500 001 000000242944 003 CaOOAMICUS 005 20150619000000.0 008 150619s1841 it u000 u ita u 013 $a221849 040 $aSeMil$bita 100 1 $aCavalca, Domenico,$d.$0(OLS)http://semarc/name/3201 245 10$aScelti ammaestramenti per chi ama legarsi in matrimonio e conservarsi in tale stato con integrità di costumi e con fedeltà all'adempimento de' propri doveri sì del padre che della madre di famiglia /$coperetta di frate dom. Cavalca ... [et. al.] ; premessovi gli ammaestramenti di gentil parlare del P. Pietro Savi. 260 $aParma :$bPietro Fiaccadori,$c1841. 300 $aVII, 335 [i.e. 235] p. ;$c17 cm. 490 0 $aScelta di elegantissimi scrittori italiani antichi e moderni ;$v20 650 4$aLingua italiana - Sinonimi - Opere anteriori al 1900.$0(OLS)http://semarc/subject/15505 700 1 $aSavi, Pietro .$0(OLS)http://semarc/name/37453 774 0 $tDialoghi intorno la moglie, l'educazione e il vero risparmio.$w()324639 774 0 $tVita di Tobia e Tobiuzzo.$w()324640 774 0 $tOrazioni sopra il matrimonio e il vestire disonesto.$w()324641 774 0 $tSoliloqui.$w()324642 830 0$aScelta di elegantissimi scrittori italiani antichi e moderni ;$v20.$0(OLS)http://semarc/title/33908 850 $aSeMil 852 $aSeMil$W1$xVenegono$y1$m3F II 326 FA$j193290$B193290$CSeMilBibl$Z2$F204080 $8I 941 1 $a10 961 $aRecupero: Mantegazza 996 $6245$aScelti ammaestramenti per chi ama legarsi in matrimonio e conservarsi in tale stato con integrità di costumi e con fedeltà all'adempimento de' propri doveri sì del padre che della madre di famiglia$9(OLS)http://semarc/title/344756 996 $6260$aParma :$bPietro Fiaccadori$9(OLS)http://semarc/publisher/31450